000 00887nam a2200241 a 4500
003 CBULib
005 20240815084006.0
008 131023s2013 ||||||||||||||||| || u
020 _a9789211128680
040 _aCBULib
_cCBUlib
_dCBUlib
_erda
_bEnglish
041 _aeng
050 _aUNCTAD(058)WIR/2013
110 _aUnited Nations Conference on Trade and Development (UNCTAD)
245 1 0 _aWorld investment report 2013 : global value chains: investment and trade for development
_c/ by United Nations Conference on Trade and Development (UNCTAD)
260 _aGeneva :
_bUnited Nations,
_c2013
300 _axxviii, 236 pages : illustrations
336 _2rdacontent
_aText |
_btxt
337 _2rdamedia
_aUnmediated |
_bn
338 _2rdacarrier
_aVolume
_bnc
650 _aINVESTMENT POLICIES--ANNUAL REPORTS
650 _aUNCTAD--WORLD INVESTMENT REPORT
942 _c029
_2mc
999 _c83254
_d83254